000 00518nam a2200193Ia 4500
005 20250508162249.0
008 008 250505s9999 xx 000 0 eng d
020 _a0-521-22478-0
037 _aTextual
040 _aFEDL
_beng
_cFEDL
041 _aeng
_2eng
084 _a401.9, MCS
_qFEDL
100 _aMcShane John
_919058
245 0 _aLearning to talk
260 _aCambridge
_bCambridge University Press
_c1980
300 _a164p.
942 _cTEXL
_h401.9, MCS
999 _c1375454
_d1375454